000 00644nam a2200229 a 4500
999 _c1269
_d1269
008 191216t2011 ii ad||g |||| 001 0 eng d
020 _a9788132110354
_cRs. 695.00
040 _aKO
_beng
041 0 _aeng
044 _aii
082 0 4 _223
_a519.5
_bAr39
100 1 _aArgyrous, George
245 1 0 _aStatistics for Research :
_bwith a guide to SPSS /
_cGeorge Argyrous
250 _a3rd ed.
260 _aNew Delhi :
_bSAGE Publications India Pvt Ltd ,
_c2011.
300 _axx, 585 p. :
_bill. ;
_c24 cm
504 _aIncludes Index.
650 0 _aSocial sciences
_xStatistical methods
904 _aA_BOSE
942 _cBK